000 00803nam a2200217 i 4500
001 37930
003 ES-MaACL
005 20230906155652.0
007 t|
008 030224s1961 pr ||||1| spa d
100 1 _aBurgos, Julia de.
_932656
245 1 0 _aCriatura del agua
_b: obra poética /
_cJulia de Burgos ; recopilada por Consuelo Burgos y Juan Bautista Pagán ; con un estudio preliminar de José Emilio González.
260 _aSan Juan de Puerto Rico :
_bInstituto de Cultura Puertorriqueña,
_c1961.
300 _a336 p. ;
_c24 cm.
700 1 _aBurgos, Consuelo.
_932648
700 1 _aPagan, Juan Bautista.
_9200113
700 1 _aGonzález, José Emilio.
_958334
710 2 _aInstituto de Cultura Puertorriqueña.
_94858
852 _aES-MaACL
_jC-20386
_bR.48906
999 _c37930
_d37930